[Event "Nancy Meurthe rapid 17th"]
[Site "Nancy"]
[Date "2019.02.24"]
[Round "2"]
[White "Postny, Evgeny"]
[Black "Pigeat, Alexandre"]
[Result "1-0"]
[WhiteElo "2630"]
[BlackElo "2339"]
[PlyCount "121"]
[EventDate "2019.02.24"]
[EventType "swiss (rapid)"]
[EventRounds "9"]
[EventCountry "FRA"]
[SourceTitle "CBM 189 Extra"]
[Source "ChessBase"]
[SourceDate "2019.06.03"]
[SourceVersion "1"]
[SourceVersionDate "2019.06.03"]
[SourceQuality "1"]

1. d4 d5 2. c4 c6 3. Nf3 Nf6 4. Nc3 dxc4 5. a4 Bf5 6. Ne5 Nbd7 7. Nxc4 e6 8. f3 Bg6 9. e4 Bb4 10. Be2 Qe7 11. 0-0 0-0 12. Na2 Nb6 13. Qb3 Nxc4 14. Qxb4 Qxb4 15. Nxb4 Na5 16. Be3 Nd7 17. Rac1 f5 18. e5 f4 19. Bf2 Rad8 20. Bh4 Rde8 21. Rc3 a6 22. Na2 c5 23. b4 Nc6 24. dxc5 Nd4 25. Re1 Nxe5 26. Bf1 Nec6 27. b5 axb5 28. axb5 Na7 29. b6 Nac6 30. Bc4 Kh8 31. Bf2 e5 32. Bd5 Rd8 33. Bc4 Rfe8 34. Nc1 e4 35. fxe4 Bxe4 36. Bh4 Rc8 37. Nd3 f3 38. Nf2 Bd5 39. Ng4 Rxe1+ 40. Bxe1 Bxc4 41. Rxc4 Re8 42. Bf2 Ne2+ 43. Kf1 fxg2+ 44. Kxg2 g5 45. Nf6 Rf8 46. Ne4 Nf4+ 47. Kg3 Ne5 48. Bd4 Nfg6 49. Nxg5 Kg8 50. Bxe5 Nxe5 51. Re4 Nd7 52. Ne6 Rc8 53. Rd4 Nf6 54. Kf4 Kf7 55. Nd8+ Ke7 56. Nxb7 Nd7 57. Rd5 Rc6 58. Na5 Rf6+ 59. Ke3 Re6+ 60. Kd4 Nf6 61. Re5 1-0

[Event "Vandoeuvre op-A 15th"]
[Site "Vandoeuvre"]
[Date "2019.01.03"]
[Round "3.4"]
[White "Pigeat, Alexandre"]
[Black "Tilicheev, Viacheslav"]
[Result "0-1"]
[WhiteElo "2317"]
[BlackElo "2507"]
[PlyCount "121"]
[EventDate "2019.01.02"]
[EventType "swiss"]
[EventRounds "9"]
[EventCountry "FRA"]
[SourceTitle "EXT 2020"]
[Source "ChessBase"]
[SourceDate "2019.10.17"]
[SourceVersion "1"]
[SourceVersionDate "2019.10.17"]
[SourceQuality "1"]

1. d4 Nf6 2. c4 e6 3. Nc3 Bb4 4. e3 0-0 5. Nge2 Re8 6. a3 Bf8 7. Ng3 d5 8. Be2 dxc4 9. 0-0 Nd5 10. Bxc4 Nxc3 11. bxc3 c5 12. d5 Qa5 13. Bb2 Na6 14. e4 b5 15. Be2 exd5 16. exd5 c4 17. a4 Nc5 18. axb5 Qxb5 19. Ba3 Nb3 20. Bxf8 Kxf8 21. Ra3 Bb7 22. Bxc4 Qxc4 23. Qxb3 Qxb3 24. Rxb3 Bxd5 25. Ra3 a5 26. Rfa1 Bc6 27. Nf5 a4 28. Nd4 Bd7 29. Rb1 Rab8 30. Rd1 Rb2 31. h3 Reb8 32. Rd3 Rb1+ 33. Kh2 R8b2 34. Kg3 Rf1 35. Nf3 Ke7 36. Ne5 Be8 37. Re3 Kf8 38. Rf3 f6 39. c4 Rfb1 40. Nd3 Rb3 41. Ra2 Bc6 42. Re3 Rg1 43. Nf4 Rxe3+ 44. fxe3 Rc1 45. c5 Ke7 46. Nd3 Rb1 47. Kf2 g5 48. Ke2 h5 49. g3 Rg1 50. Nb4 Rg2+ 51. Kd3 Rxa2 52. Nxa2 h4 53. gxh4 gxh4 54. Nb4 Bg2 55. e4 Bxh3 56. Nd5+ Kf7 57. c6 Bc8 58. Nf4 h3 59. Nh5 h2 60. Ng3 Ke6 61. Kd4 0-1

[Event "Wch U20 57th"]
[Site "Manavgat"]
[Date "2018.09.15"]
[Round "11"]
[White "Priasmoro, Novendra"]
[Black "Pigeat, Alexandre"]
[Result "1-0"]
[WhiteElo "2498"]
[BlackElo "2347"]
[PlyCount "119"]
[EventDate "2018.09.05"]
[EventType "swiss"]
[EventRounds "11"]
[EventCountry "TUR"]
[SourceTitle "CBM 186 Extra"]
[Source "ChessBase"]
[SourceDate "2018.08.24"]
[SourceVersion "1"]
[SourceVersionDate "2018.08.24"]
[SourceQuality "1"]

1. d4 d5 2. Nc3 Nf6 3. Bg5 Bf5 4. f3 Nbd7 5. Nxd5 Nxd5 6. e4 h6 7. Bh4 c6 8. exd5 cxd5 9. Bd3 Bxd3 10. Qxd3 Qa5+ 11. c3 e6 12. Ne2 Bd6 13. f4 Nf8 14. f5 exf5 15. Qxf5 Ng6 16. 0-0 0-0 17. Bg3 Rad8 18. Rf2 Qb6 19. Raf1 Bxg3 20. Nxg3 Rd6 21. Qg4 Qd8 22. Rf5 Ne7 23. R5f4 Ng6 24. Rf5 Ne7 25. Re5 Ng6 26. Nf5 Rb6 27. Rf2 Re8 28. h4 Rxe5 29. dxe5 h5 30. Qxh5 Re6 31. Qg4 Qf8 32. Qg3 Nxe5 33. h5 Nc6 34. b4 a6 35. a4 Kh8 36. b5 axb5 37. axb5 Ne5 38. Kh1 Nc4 39. Ra2 g6 40. hxg6 fxg6 41. Qh3+ Kg8 42. Nh6+ Kg7 43. Qxe6 Qf1+ 44. Kh2 Qf4+ 45. Kg1 Qc1+ 46. Kf2 Kxh6 47. Qh3+ Kg7 48. Re2 Qf4+ 49. Qf3 Qd6 50. Kg1 Qa3 51. Qf4 Qc5+ 52. Kh1 Qd6 53. Qd4+ Kg8 54. Re8+ Kf7 55. Qh8 b6 56. Rd8 Qa3 57. Rd7+ Ke6 58. Qe8+ Kf5 59. Qf7+ Kg4 60. Qf3+ 1-0

[Event "Wch U20 57th"]
[Site "Manavgat"]
[Date "2018.09.13"]
[Round "9"]
[White "Morozov, Nichita"]
[Black "Pigeat, Alexandre"]
[Result "1/2-1/2"]
[WhiteElo "2452"]
[BlackElo "2347"]
[PlyCount "115"]
[EventDate "2018.09.05"]
[EventType "swiss"]
[EventRounds "11"]
[EventCountry "TUR"]
[SourceTitle "CBM 186 Extra"]
[Source "ChessBase"]
[SourceDate "2018.08.24"]
[SourceVersion "1"]
[SourceVersionDate "2018.08.24"]
[SourceQuality "1"]

1. Nf3 Nf6 2. e3 d5 3. c4 c6 4. Nc3 a6 5. b3 Bg4 6. Be2 Nbd7 7. d4 e6 8. Bb2 Bd6 9. h3 Bh5 10. a3 Qe7 11. g4 Bg6 12. Nd2 e5 13. g5 Ne4 14. Ndxe4 dxe4 15. d5 a5 16. dxc6 bxc6 17. Na4 Nc5 18. Nxc5 Bxc5 19. h4 h6 20. Rg1 hxg5 21. Rxg5 Bd6 22. Bh5 Rd8 23. Qg4 Bxh5 24. Rxh5 Rxh5 25. Qxh5 Rb8 26. Qg4 Rxb3 27. Qc8+ Qd8 28. Qxc6+ Qd7 29. Qxd7+ Kxd7 30. 0-0-0 Ke6 31. Kc2 a4 32. Rd5 f6 33. Ra5 Bxa3 34. Bc3 Bb4 35. Ra6+ Kf5 36. Bxb4 Rxb4 37. Kc3 Rb3+ 38. Kc2 Rb4 39. Kc3 Rb3+ 40. Kc2 Rb7 41. Rxa4 Kg4 42. Kc3 Kxh4 43. c5 Kg4 44. Ra2 Kf3 45. Kc4 f5 46. Kd5 Rc7 47. c6 f4 48. Rc2 fxe3 49. fxe3 g5 50. Kd6 Rc8 51. Kd7 Rg8 52. c7 Kxe3 53. c8Q Rxc8 54. Rxc8 g4 55. Ke6 Kf4 56. Rf8+ Kg3 57. Kf5 e3 58. Rg8 1/2-1/2

[Event "FRA-ch rapid"]
[Site "Orsay"]
[Date "2018.05.10"]
[Round "2"]
[White "Pigeat, Alexandre"]
[Black "Fedorchuk, Sergey A"]
[Result "0-1"]
[WhiteElo "2319"]
[BlackElo "2637"]
[PlyCount "89"]
[EventDate "2018.05.10"]
[EventType "swiss (rapid)"]
[EventRounds "13"]
[EventCountry "FRA"]
[SourceTitle "CBM 184 Extra"]
[Source "ChessBase"]
[SourceDate "2018.06.28"]
[SourceVersion "1"]
[SourceVersionDate "2018.06.28"]
[SourceQuality "1"]

1. d4 Nf6 2. c4 e6 3. Nc3 Bb4 4. e3 0-0 5. Nge2 c6 6. a3 Ba5 7. b4 Bc7 8. e4 d6 9. Bg5 h6 10. Be3 a5 11. Ng3 e5 12. d5 Ng4 13. Bd3 Nxe3 14. fxe3 Bb6 15. Kd2 axb4 16. axb4 Rxa1 17. Qxa1 Na6 18. Qb2 Qg5 19. Re1 Qh4 20. Nce2 Qxh2 21. c5 Bc7 22. Qc3 Qxg2 23. Nh5 Qh3 24. Nhg3 Rd8 25. Rh1 Qd7 26. Nf5 Qe8 27. Neg3 Qf8 28. Qc1 dxc5 29. Qg1 Kh7 30. Nh5 Bxf5 31. exf5 Rxd5 32. Nxg7 Qxg7 33. f6+ Qg6 34. Qxg6+ fxg6 35. Ke2 Nxb4 36. Bc4 Rd8 37. e4 b5 38. Be6 Nc2 39. Ba2 c4 40. Rf1 Nd4+ 41. Ke3 Bb6 42. Kd2 Kg8 43. f7+ Kf8 44. Rf6 Nb3+ 45. Ke1 0-1

[Event "FRA-ch U20"]
[Site "Agen"]
[Date "2018.04.22"]
[Round "9"]
[White "Pigeat, Alexandre"]
[Black "Duquesne, Adrien"]
[Result "1-0"]
[WhiteElo "2275"]
[BlackElo "2209"]
[PlyCount "75"]
[EventDate "2018.04.15"]
[EventType "swiss"]
[EventRounds "9"]
[EventCountry "FRA"]
[SourceTitle "CBM 184 Extra"]
[Source "ChessBase"]
[SourceDate "2018.06.28"]
[SourceVersion "1"]
[SourceVersionDate "2018.06.28"]
[SourceQuality "1"]

1. d4 Nf6 2. c4 e6 3. Nc3 Bb4 4. e3 0-0 5. Nge2 c6 6. a3 Ba5 7. b4 Bc7 8. e4 d5 9. Bg5 dxe4 10. Nxe4 Nbd7 11. N2c3 a5 12. Bd3 axb4 13. Nxf6+ Nxf6 14. Ne4 h6 15. h4 e5 16. d5 cxd5 17. cxd5 Rxa3 18. Rxa3 bxa3 19. Bb1 Ba5+ 20. Kf1 Qb6 21. Nxf6+ gxf6 22. Qd3 f5 23. Be7 Bd7 24. Kg1 Rc8 25. Qg3+ Kh7 26. Kh2 Bd2 27. Qf3 e4 28. Bxe4 fxe4 29. Qxf7+ Kh8 30. Bf6+ Qxf6 31. Qxf6+ Kg8 32. Qg6+ Kh8 33. Qf7 Bg4 34. Rb1 a2 35. Rxb7 Bf4+ 36. Qxf4 a1Q 37. Qxh6+ Kg8 38. Qh7+ 1-0

[Event "FRA-ch U20"]
[Site "Agen"]
[Date "2018.04.15"]
[Round "1"]
[White "Pigeat, Alexandre"]
[Black "Budak, Rezan"]
[Result "1-0"]
[WhiteElo "2275"]
[BlackElo "1890"]
[PlyCount "95"]
[EventDate "2018.04.15"]
[EventType "swiss"]
[EventRounds "9"]
[EventCountry "FRA"]
[SourceTitle "CBM 184 Extra"]
[Source "ChessBase"]
[SourceDate "2018.06.28"]
[SourceVersion "1"]
[SourceVersionDate "2018.06.28"]
[SourceQuality "1"]

1. d4 d5 2. c4 dxc4 3. Nc3 Nf6 4. Nf3 a6 5. a4 Nc6 6. d5 Nb4 7. e4 e6 8. Bxc4 exd5 9. exd5 Bf5 10. 0-0 Be7 11. Bg5 0-0 12. Rc1 Nfxd5 13. Nxd5 Nxd5 14. Bxd5 Bxg5 15. Nxg5 Qxg5 16. Rxc7 Rad8 17. Qb3 Qg6 18. Bf3 b5 19. Rc6 Rd6 20. axb5 axb5 21. Qxb5 Bd3 22. Rxd6 Qxd6 23. Rd1 Qxh2+ 24. Kxh2 Bxb5 25. Rd4 g6 26. Rb4 Bd3 27. Rb7 Re8 28. Bd5 Re2 29. Rxf7 Kh8 30. b3 Re5 31. Rd7 Bb5 32. Rd6 g5 33. f3 Kg7 34. Be4 h5 35. Kg3 Kf8 36. Rb6 Ke7 37. Kf2 Bd7 38. Bd3 Kd8 39. g3 Kc7 40. Rh6 Be8 41. f4 Rd5 42. Bc4 Rf5 43. Rh8 Bg6 44. Bd3 Rf6 45. Rh6 gxf4 46. Rxg6 fxg3+ 47. Kxg3 Rf8 48. Bc4 1-0